[Event "Amager-ch"]
[Site "Amager"]
[Date "2011.10.04"]
[Round "5"]
[White "Larsen, Ulrik Jejlskov"]
[Black "Larsen, Julie"]
[Result "1-0"]
[WhiteElo "1591"]
[BlackElo "1162"]
[PlyCount "47"]
[EventDate "2011.08.30"]
[EventType "swiss"]
[EventRounds "7"]
[EventCountry "DEN"]
[SourceTitle "EXT 2023"]
[Source "ChessBase"]
[SourceDate "2022.10.05"]
[SourceVersion "1"]
[SourceVersionDate "2022.10.05"]
[SourceQuality "1"]

1. d4 d5 2. e3 Nf6 3. Bd3 Nc6 4. c3 g6 5. Nf3 Bg7 6. 0-0 0-0 7. Nbd2 Bg4 8. h3 Bh5 9. g4 Nxg4 10. hxg4 Bxg4 11. e4 e6 12. exd5 exd5 13. Re1 Qf6 14. Bf1 Ne7 15. Bg2 Nf5 16. Nf1 Bh6 17. Ne3 c6 18. Nxg4 Qg7 19. Nxh6+ Nxh6 20. Re7 b5 21. Ne5 Nf5 22. Rc7 Rae8 23. Bh3 Nd6 24. Nd7 1-0

[Event "Taastrup Quick Weekend-E 14th"]
[Site "Taastrup"]
[Date "2011.10.02"]
[Round "5"]
[White "Larsen, Julie"]
[Black "Jacobsen, Hauge"]
[Result "1-0"]
[WhiteElo "1162"]
[BlackElo "1017"]
[PlyCount "61"]
[EventDate "2011.09.30"]
[EventType "swiss"]
[EventRounds "5"]
[EventCountry "DEN"]
[SourceTitle "EXT 2023"]
[Source "ChessBase"]
[SourceDate "2022.10.05"]
[SourceVersion "1"]
[SourceVersionDate "2022.10.05"]
[SourceQuality "1"]

1. e4 c5 2. c3 e6 3. d4 cxd4 4. cxd4 d5 5. f3 Nf6 6. Nc3 Bb4 7. e5 Bxc3+ 8. bxc3 Nfd7 9. Bd3 0-0 10. Ne2 Nc6 11. 0-0 Nb6 12. Ng3 g6 13. f4 f5 14. Qf3 Na4 15. Bd2 Qa5 16. Ne2 b6 17. Rf2 Ba6 18. Bc2 Bxe2 19. Rxe2 Rfc8 20. g4 fxg4 21. Qxg4 Nxc3 22. Rf2 Nxd4 23. Bd3 Qc5 24. h4 h5 25. Qxg6+ Kf8 26. Qxh5 Qa3 27. f5 exf5 28. Bxf5 Nxf5 29. Rxf5+ Ke7 30. Qf7+ Kd8 31. Bg5+ 1-0

[Event "Taastrup Quick Weekend-E 14th"]
[Site "Taastrup"]
[Date "2011.10.01"]
[Round "3"]
[White "Morling, Aase"]
[Black "Larsen, Julie"]
[Result "1/2-1/2"]
[WhiteElo "1212"]
[BlackElo "1162"]
[PlyCount "100"]
[EventDate "2011.09.30"]
[EventType "swiss"]
[EventRounds "5"]
[EventCountry "DEN"]
[SourceTitle "EXT 2023"]
[Source "ChessBase"]
[SourceDate "2022.10.05"]
[SourceVersion "1"]
[SourceVersionDate "2022.10.05"]
[SourceQuality "1"]

1. e4 e5 2. Nf3 Nc6 3. Bc4 Bc5 4. c3 Nf6 5. d4 exd4 6. cxd4 Bb4+ 7. Nc3 Nxe4 8. 0-0 Nxc3 9. Qe1+ Be7 10. bxc3 0-0 11. Qd1 d5 12. Bd3 Bg4 13. h3 Bh5 14. Re1 Qd6 15. a4 Rae8 16. Ba3 Qd7 17. Bxe7 Nxe7 18. Be2 Bxf3 19. Bxf3 Nf5 20. Bg4 g6 21. Qd3 h5 22. Bxf5 gxf5 23. Qg3+ Kh7 24. Qg5 Rh8 25. Rxe8 Qxe8 26. Qxh5+ Kg7 27. Qxf5 Qc6 28. Qe5+ Kg8 29. Qg3+ Kf8 30. Qe5 Rh6 31. Qe3 Rg6 32. a5 Qd7 33. g4 f5 34. f3 Qh7 35. Kg2 Qh4 36. Qe5 fxg4 37. Qf5+ Rf6 38. Qxg4 Qh6 39. Qc8+ Kg7 40. Qxc7+ Kf8 41. Qd8+ Kg7 42. Qd7+ Kf8 43. Qxd5 Qd2+ 44. Kh1 Qxc3 45. Qc5+ Qxc5 46. dxc5 Rxf3 47. Kg2 Rc3 48. Rb1 Rxc5 49. Rxb7 Rxa5 50. Kg3 Ra3+ 1/2-1/2

[Event "Amager-ch"]
[Site "Amager"]
[Date "2009.09.29"]
[Round "4"]
[White "Larsen, Julie"]
[Black "Gade, Jens"]
[Result "0-1"]
[WhiteElo "1261"]
[BlackElo "1454"]
[PlyCount "80"]
[EventDate "2009.09.01"]
[EventType "swiss"]
[EventRounds "7"]
[EventCountry "DEN"]
[SourceTitle "EXT 2023"]
[Source "ChessBase"]
[SourceDate "2022.10.05"]
[SourceVersion "1"]
[SourceVersionDate "2022.10.05"]
[SourceQuality "1"]

1. e4 c5 2. Nf3 d6 3. d4 cxd4 4. Nxd4 Nf6 5. Nc3 a6 6. Bd3 Qb6 7. Nf3 Bg4 8. 0-0 e6 9. Na4 Qc6 10. b3 b5 11. Nc3 Qxc3 12. Be3 Qc6 13. Rc1 Nxe4 14. Re1 Nc3 15. Qd2 Bxf3 16. gxf3 Nxa2 17. Ra1 Nc3 18. Bf1 b4 19. Bg2 Be7 20. f4 d5 21. Bd4 0-0 22. Re3 Ne4 23. Qd3 Nd7 24. f3 Nef6 25. Ree1 Bc5 26. Bxc5 Qxc5+ 27. Kh1 a5 28. f5 e5 29. Rec1 Qc3 30. Qb5 Rfb8 31. Qe2 h6 32. h4 Qd4 33. Qe1 Rc8 34. Ra2 Qf4 35. Qf1 Qxh4+ 36. Kg1 Qf4 37. Bh3 Rc3 38. Bg2 Qxf5 39. Qe2 Qf4 40. Rf1 Qe3+ 0-1

[Event "Amager-ch"]
[Site "Amager"]
[Date "2009.09.08"]
[Round "2"]
[White "Lunding, Peter M"]
[Black "Larsen, Julie"]
[Result "1-0"]
[WhiteElo "1933"]
[BlackElo "1261"]
[PlyCount "37"]
[EventDate "2009.09.01"]
[EventType "swiss"]
[EventRounds "7"]
[EventCountry "DEN"]
[SourceTitle "EXT 2023"]
[Source "ChessBase"]
[SourceDate "2022.10.05"]
[SourceVersion "1"]
[SourceVersionDate "2022.10.05"]
[SourceQuality "1"]

1. d4 d5 2. Nf3 Nc6 3. g3 Nf6 4. Bg2 Bf5 5. 0-0 e6 6. c3 Bd6 7. Nbd2 0-0 8. Nh4 Ne7 9. f3 e5 10. e4 Be6 11. f4 exf4 12. e5 Bxe5 13. dxe5 Ng4 14. Ndf3 fxg3 15. hxg3 c6 16. Qd4 Qc8 17. Ng5 Bf5 18. Nxf5 Nxf5 19. Qxg4 1-0

[Event "Amager Spring"]
[Site "Amager"]
[Date "2008.05.27"]
[Round "3"]
[White "Larsen, Julie"]
[Black "Svensson, John Michael"]
[Result "0-1"]
[WhiteElo "1198"]
[BlackElo "1602"]
[PlyCount "92"]
[EventDate "2008.05.13"]
[EventType "tourn"]
[EventRounds "5"]
[EventCountry "DEN"]
[SourceTitle "EXT 2023"]
[Source "ChessBase"]
[SourceDate "2022.10.05"]
[SourceVersion "1"]
[SourceVersionDate "2022.10.05"]
[SourceQuality "1"]

1. e4 d6 2. d4 Nf6 3. Nc3 g6 4. Nf3 Bg7 5. Bc4 Bg4 6. 0-0 c6 7. Bf4 Qb6 8. b3 Nbd7 9. Be2 Bxf3 10. Bxf3 e5 11. Be3 Qc7 12. d5 cxd5 13. Nxd5 Nxd5 14. Qxd5 0-0 15. c4 Rfd8 16. Bg5 Nf6 17. Qd3 h6 18. Bh4 g5 19. Bg3 Nh7 20. Bh5 Nf8 21. Qe3 Ne6 22. h4 Nf4 23. hxg5 hxg5 24. Qf3 Bf6 25. Qg4 Kg7 26. Qf5 Nxh5 27. Rad1 Qb6 28. Bh2 Nf4 29. Rd2 Ne6 30. Rd3 Rh8 31. Rfd1 Nd4 32. Qg4 Rh4 33. Qd7 Rd8 34. Qa4 Rdh8 35. Rh3 Ne2+ 36. Kf1 Rxh3 37. gxh3 Nc3 38. Qd7 Nxd1 39. Bg3 Rxh3 40. Qxh3 Qd4 41. Qg4 Nc3 42. f4 Qxe4 43. Qd7 exf4 44. Bf2 Qh1+ 45. Bg1 Bd4 46. Qg4 Ne4 0-1

[Event "Amager Spring"]
[Site "Amager"]
[Date "2008.05.13"]
[Round "1"]
[White "Larsen, Julie"]
[Black "Jorgensen, Morten"]
[Result "0-1"]
[WhiteElo "1198"]
[BlackElo "1315"]
[PlyCount "62"]
[EventDate "2008.05.13"]
[EventType "tourn"]
[EventRounds "5"]
[EventCountry "DEN"]
[SourceTitle "EXT 2023"]
[Source "ChessBase"]
[SourceDate "2022.10.05"]
[SourceVersion "1"]
[SourceVersionDate "2022.10.05"]
[SourceQuality "1"]

1. e4 c6 2. d4 d5 3. exd5 cxd5 4. Bd3 Nc6 5. c3 Nf6 6. Bf4 e6 7. Nd2 Bd6 8. Bg3 0-0 9. Ngf3 h6 10. 0-0 Bxg3 11. fxg3 a5 12. h4 Ng4 13. Qe2 Qc7 14. Nh2 Nf6 15. Ng4 Nxg4 16. Qxg4 e5 17. Qf3 e4 18. Nxe4 dxe4 19. Qxe4 f5 20. Qd5+ Kh8 21. g4 Ne7 22. Qf3 Bd7 23. g5 Bc6 24. Qh5 Qg3 25. Rf2 Qxd3 26. gxh6 g6 27. Qg5 Qe4 28. h5 Qe6 29. c4 Qf6 30. Qf4 g5 31. Qf3 Bxf3 0-1

[Event "Amager CC-ch B"]
[Site "Amager"]
[Date "2008.04.08"]
[Round "9"]
[White "Nielsen, Bjorn1111"]
[Black "Larsen, Julie"]
[Result "0-1"]
[WhiteElo "1122"]
[BlackElo "1011"]
[PlyCount "114"]
[EventDate "2008.03.23"]
[EventType "tourn"]
[EventRounds "9"]
[EventCountry "DEN"]
[SourceTitle "EXT 2023"]
[Source "ChessBase"]
[SourceDate "2022.10.05"]
[SourceVersion "1"]
[SourceVersionDate "2022.10.05"]
[SourceQuality "1"]

1. d4 d5 2. Nf3 Nf6 3. Nc3 Nc6 4. e3 a6 5. Be2 e6 6. 0-0 Bd6 7. h3 0-0 8. Re1 Ne4 9. Nxe4 dxe4 10. Ne5 Nxe5 11. dxe5 Bxe5 12. Qxd8 Rxd8 13. f3 f5 14. f4 Bf6 15. Rb1 e5 16. Rf1 Be6 17. b3 c5 18. c4 b5 19. Bb2 Rd2 20. Rf2 exf4 21. Bxf6 gxf6 22. exf4 Rxa2 23. cxb5 e3 24. Rff1 Rxe2 25. Ra1 a5 26. Rfc1 Bxb3 27. Rxc5 Ra2 28. Rac1 Be6 29. Kf1 Rf2+ 30. Kg1 Rxf4 31. b6 Rb4 32. Rc6 Bd7 33. Rxf6 Ra6 34. Re1 f4 35. Rd6 Bf5 36. Rf6 Bg6 37. Re6 Raxb6 38. Rxb6 Rxb6 39. Kh2 Rb2 40. h4 Be4 41. Kh3 Rxg2 42. h5 Rg3+ 43. Kh4 Bf5 44. h6 Rg4+ 45. Kh3 Rg1+ 46. Kh2 Rxe1 47. Kg2 Re2+ 48. Kf1 f3 49. Kg1 Re1+ 50. Kh2 f2 51. Kg3 f1Q 52. Kh4 Qh3+ 53. Kg5 Bc8 54. Kf4 Qxh6+ 55. Ke4 Qe6+ 56. Kf3 Rf1+ 57. Kg2 Qh3# 0-1

[Event "Amager CC-ch B"]
[Site "Amager"]
[Date "2008.03.25"]
[Round "7"]
[White "Gade, Jens"]
[Black "Larsen, Julie"]
[Result "1-0"]
[WhiteElo "1454"]
[BlackElo "1011"]
[PlyCount "61"]
[EventDate "2008.03.23"]
[EventType "tourn"]
[EventRounds "9"]
[EventCountry "DEN"]
[SourceTitle "EXT 2023"]
[Source "ChessBase"]
[SourceDate "2022.10.05"]
[SourceVersion "1"]
[SourceVersionDate "2022.10.05"]
[SourceQuality "1"]

1. e4 e5 2. Nf3 Nc6 3. Bb5 Nf6 4. 0-0 Bc5 5. Re1 0-0 6. c3 d5 7. exd5 Qxd5 8. Bxc6 bxc6 9. Rxe5 Qd6 10. d4 Bb6 11. Nbd2 Ba6 12. Nb3 Rfe8 13. Bf4 Qd7 14. Qd2 Ng4 15. Rg5 g6 16. Ne5 Nxe5 17. Rxe5 f6 18. Nc5 Bxc5 19. Rxc5 Re7 20. Be3 Rae8 21. d5 Qc8 22. Rxc6 Bb5 23. Rxf6 c6 24. d6 Rd7 25. Re1 a5 26. b3 a4 27. c4 Ba6 28. Kf1 Rf8 29. Qd4 Qd8 30. Bg5 h6 31. Rxg6+ 1-0